000 00689nam a22002177a 4500
003 UA-OsUOA
001 116720
007 ta
008 20160404b un ||||| |||| 00| 0 ukr d
100 _aСюндюков І.
090 _a94(477)
_bС98
942 _cSA
040 _aUA-OsUOA
_bukr
_cUA-OsUOA
_dUA-OsUOA
245 _aНа перехресті двох доль. Євген Чикаленко та Володимир Винниченко в добу пробудження української нації
300 _a21 с.
955 _a0
041 _aukr
080 _a94(477)
773 0 _w116719
650 7 _a9 Географія. Біографії. Історія
_2UDC
999 _c402895
_d402895